LEADER 00866nem 2200325 n 450 001 9910791525703321 005 20200520144314.0 035 $a(CKB)2560000000056895 035 $a(MiAaPQ)EBC3329430 035 $a(Au-PeEL)EBL3329430 035 $a(CaPaEBR)ebr5008964 035 $a(OCoLC)842634118 035 $a(EXLCZ)992560000000056895 100 $a20101210d1999 uy 101 0 $aeng 135 $aurcn||||||||| 200 00$aYukon Territory$b[electronic resource] 210 $a[S.l.] $cMaps.com$dc1999 215 $a1 online resource (1 map) 517 3 $aHypsometric map, North America, Yukon 607 $aYukon$vMaps 607 $aYukon 712 02$aMaps.com (Firm) 801 0$bMiAaPQ 801 1$bMiAaPQ 801 2$bMiAaPQ 906 $aBOOK 912 $a9910791525703321 996 $aYukon Territory$93748048 997 $aUNINA